Moderní rádiový přijímač : kniha o jeho návrhu /

Hlavní autor: Daněk, Karel, 1961-
Jazyk: Čeština
Vydáno: Praha : BEN - technická literatura, 2005
Vydání: 1. české vyd.
Témata:
Fyzický popis: 215 s. : il. ; 24 cm
Knihy
Uloženo v:
LEADER 01444nam a2200409 a 4500
001 nkc20051629089
003 CZ PrNK
005 20051221163623.0
007 ta
008 051028s2005 xr a f f 001 0 cze
015 |a cnb001629089 
020 |a 80-7300-142-X  |q (váz.)  |z 9788073001421 :  |c Kč 299,00 
035 |a (OCoLC)85164271 
040 |a OLA001  |b cze  |d ABA001 
072 7 |a 621.39  |x Sdělovací technika  |2 Konspekt  |9 19 
080 |a 621.396  |2 MRF 
080 |a 621.396.62  |2 MRF 
080 |a (035)  |2 MRF 
100 1 |a Daněk, Karel,  |d 1961-  |7 mzk2005309108  |4 aut 
245 1 0 |a Moderní rádiový přijímač :  |b kniha o jeho návrhu /  |c Karel Daněk 
246 1 |i Název na rubu tit. s.:  |a Moderní rádiový přijímač - kniha o jeho návrhu 
250 |a 1. české vyd. 
260 |a Praha :  |b BEN - technická literatura,  |c 2005 
300 |a 215 s. :  |b il. ;  |c 24 cm 
500 |a Terminologický slovník 
504 |a Obsahuje bibliografii a rejstřík 
650 0 7 |a radioelektronika  |7 ph124986  |2 czenas 
650 0 7 |a rádiové přijímače  |7 ph125381  |2 czenas 
650 0 9 |a radioelectronics  |2 eczenas 
650 0 9 |a radio receivers  |2 eczenas 
655 7 |a příručky  |7 fd133209  |2 czenas 
655 9 |a handbooks and manuals  |2 eczenas 
910 2 |a BOA001  |b 2-1157.348 
990 |a BK 
995 |a 01 
991 |b 200511  |c NOV 
996 6 |b 2610263183  |c 2-1157.348  |l MZK  |r Sklad / do 1 hodiny  |n 3  |p p.v.  |w 000795479  |u 000010  |a 1  |e BOA001  |j MZK50  |s P